Spanish real estate market resilient in the face of global economic slowdown (Record no. 118452)
[ view plain ]
| 000 -LEADER | |
|---|---|
| fixed length control field | 01170cam a2200265 4500 |
| 001 - CONTROL NUMBER | |
| control field | ABS68525 |
| 008 - FIXED-LENGTH DATA ELEMENTS--GENERAL INFORMATION | |
| fixed length control field | 041215n2004 000 0 eng u |
| 035 ## - SYSTEM CONTROL NUMBER | |
| System control number | (Sirsi) u128316 |
| 100 ## - MAIN ENTRY--PERSONAL NAME | |
| Personal name | Khatri, M. |
| 245 ## - TITLE STATEMENT | |
| Title | Spanish real estate market resilient in the face of global economic slowdown |
| 260 ## - PUBLICATION, DISTRIBUTION, ETC. | |
| Date of publication, distribution, etc. | 2004 |
| 490 ## - SERIES STATEMENT | |
| Series statement | RICS European Alert |
| Volume/sequential designation | November 2004, 6(1) |
| 520 ## - SUMMARY, ETC. | |
| Summary, etc. | Presents RICS Chief Economist's latest assessment of the Spanish commercial real estate market focusing on the office and retail markets with comments on the economic background. View at www.rics.org. |
| 590 ## - LOCAL NOTE (RLIN) | |
| Local note | ABS |
| 590 ## - LOCAL NOTE (RLIN) | |
| Local note | ABS |
| 650 ## - SUBJECT ADDED ENTRY--TOPICAL TERM | |
| Topical term or geographic name entry element | OFFICE MARKET |
| 650 ## - SUBJECT ADDED ENTRY--TOPICAL TERM | |
| Topical term or geographic name entry element | PROPERTY-COMMERCIAL PROPERTY-RETAIL PROPERTY-RETAIL PROPERTY MARKET |
| 650 ## - SUBJECT ADDED ENTRY--TOPICAL TERM | |
| Topical term or geographic name entry element | RENTAL LEVELS |
| 650 ## - SUBJECT ADDED ENTRY--TOPICAL TERM | |
| Topical term or geographic name entry element | ECONOMIC OUTLOOK |
| 650 ## - SUBJECT ADDED ENTRY--TOPICAL TERM | |
| Topical term or geographic name entry element | SPAIN |
| 690 ## - LOCAL SUBJECT ADDED ENTRY--TOPICAL TERM (OCLC, RLIN) | |
| Topical term or geographic name as entry element | COMMERCIAL PROPERTY-MARKET |
| 856 ## - ELECTRONIC LOCATION AND ACCESS | |
| Uniform Resource Identifier | <a href="https://www.rics.org/AboutRICS/RICSworldwide/RICSEurope/european+alert+november+2004.htm">https://www.rics.org/AboutRICS/RICSworldwide/RICSEurope/european+alert+november+2004.htm</a> |
| Public note | View the article on the RICS website... |
| 856 ## - ELECTRONIC LOCATION AND ACCESS | |
| Uniform Resource Identifier | <a href="https://www.rics.org/AboutRICS/RICSworldwide/RICSEurope/european+alert+november+2004.htm">https://www.rics.org/AboutRICS/RICSworldwide/RICSEurope/european+alert+november+2004.htm</a> |
| Public note | View the article on the RICS website... |
| 942 ## - ADDED ENTRY ELEMENTS (KOHA) | |
| Suppress in OPAC | 0 |
| Withdrawn status | Lost status | Source of classification or shelving scheme | Damaged status | Not for loan | Home library | Current library | Shelving location | Date acquired | Total Checkouts | Full call number | Barcode | Date last seen | Copy number | Price effective from | Koha item type |
|---|---|---|---|---|---|---|---|---|---|---|---|---|---|---|---|
| Dewey Decimal Classification | London | London | Journal article | 15/12/2004 | ABS68525 | 128316-1001 | 06/08/2019 | 1 | 06/08/2019 | Journal article |